| 000 | 01184nam a2200253 a 4500 | ||
|---|---|---|---|
| 001 | 000043261 | ||
| 005 | 20201002040752.0 | ||
| 008 | 140303s2006 sp 000 0 spa d | ||
| 020 | _a8483470004 | ||
| 040 |
_aDO-SdBNP _bspa _cBNPHU |
||
| 100 | 1 |
_aPalerm, Ángel _951118 |
|
| 245 | 1 | 0 |
_aÁngel Palerm / _cÁngel Palerm: prólogo de Juan Maestre Alfonso ; ensayo introductorio y notas de Alba González Jácome. |
| 260 |
_aMadrid : _bAgencia Española de Cooperación Internacional, Ministerio de Asuntos Exteriores y de Cooperación, _c2006. |
||
| 300 |
_a198 p. ; _c23 cm. |
||
| 490 | 1 |
_aCiencias y humanismo _v8 |
|
| 490 | 1 | _aAntología del pensamiento político social y económico español sobre América Latina | |
| 504 | _aIncluye referencias bibliográficas y notas al pie de las páginas | ||
| 504 | _aBibliografía : p. 196-198 | ||
| 500 | _aIncluye datos biográficos de la compiladora en la solapa de la cubierta | ||
| 700 | 1 |
_aMaestre Alfonso, Juan _epról. _967763 |
|
| 700 | 1 |
_aGonzález Jácome, Alba _915923 |
|
| 830 | 0 |
_aAntología del pensamiento político social y económico español sobre América Latina _970855 |
|
| 830 | 0 |
_aCiencias y humanismo _v8 _970218 |
|
| 999 |
_c42750 _d42750 |
||